| 000 | 00652nam a2200205Ii 4500 | ||
|---|---|---|---|
| 001 | 20076 | ||
| 003 | BD-RjUL | ||
| 005 | 20211209000522.0 | ||
| 008 | 140226s1894 enk 000 0 eng d | ||
| 035 | _a(BD-RjUL)20138 | ||
| 040 |
_aVIC _cVIC _dBOS _dBD-RjUL _beng |
||
| 041 | _aeng | ||
| 082 | 0 | 4 |
_a179.8 _bTHB 1894 |
| 100 | 1 |
_aThackeray, William Makepeace, _d1811-1863. _961807 |
|
| 245 | 1 | 4 |
_aThe book of snobs : _band, Sketches of life and Character ; etc. etc. / _cby W. M. Thackeray ; with a frontispiece. |
| 260 |
_aLondon : _bSmith, Elder, _c1894. |
||
| 300 |
_axi, 643 p. : _c20 cm. |
||
| 650 | 0 |
_aSnobs and snobbishness. _961808 |
|
| 942 |
_2ddc _cBK |
||
| 999 |
_c20076 _d20076 |
||